| 000 | 02425cam a2200445 a 4500 | ||
|---|---|---|---|
| 001 | 9393286 | ||
| 003 | USPCAS-E | ||
| 005 | 20180118181416.0 | ||
| 006 | m d | ||
| 007 | cr n | ||
| 008 | 111017s2012 njua sb 001 0 eng d | ||
| 016 | 7 |
_a015803982 _2Uk |
|
| 020 | _a9780470901632 | ||
| 020 | _a0470901632 | ||
| 035 | _a(WaSeSS)ssj0000612978 | ||
| 040 |
_aDLC _cDLC _dYDX _dBTCTA _dUKMGB _dYDXCP _dBDX _dCDX _dDLC _dWaSeSS |
||
| 042 | _apcc | ||
| 050 | 4 |
_aHD9560.4 _b.Z38 2012 |
|
| 082 | 0 | 0 |
_a333.79 _223 _bZAT-S 2012 |
| 084 |
_aBUS070040 _2bisacsh |
||
| 100 | 1 | _aZatzman, Gary. | |
| 210 | 1 | 0 | _aSustainable energy pricing |
| 245 | 1 | 0 |
_aSustainable energy pricing _h[electronic resource] / _cGary M. Zatzman. |
| 260 |
_aHoboken, N.J. : _bJohn Wiley & Sons ; _aSalem, Mass. : _bScrivener Pub., _cc2012. |
||
| 502 | _a. | ||
| 504 | _aIncludes bibliographical references (p. 477-520) and index. | ||
| 506 | _aLicense restrictions may limit access. | ||
| 520 | _a"The petroleum sector is possibly the largest and most dominant economic sector in the globalized economy. However, for reasons explored in this book, although none of the existing economic development models fit this sector in the past and apply even less today, no satisfactory alternative has presented itself. This book highlights the important reasons why current models fail to predict energy pricing with reasonable accuracy, and ventures into environmental and other problems with oil and gas production and associated economic decisions mounting across both developed as well as developing economies"--Provided by publisher. | ||
| 520 | _a"This book highlights the important reasons why current models fail to predict energy pricing with reasonable accuracy, and ventures into environmental and other problems with oil and gas production and associated economic decisions mounting across both developed as well as developing economies"--Provided by publisher. | ||
| 650 | 0 |
_aPetroleum products _xPrices. |
|
| 650 | 0 |
_aNatural gas _xPrices. |
|
| 650 | 0 | _aPetroleum industry and trade. | |
| 650 | 0 | _aGas industry. | |
| 650 | 0 | _aEnergy consumption. | |
| 650 | 0 | _aEnergy development. | |
| 773 | 0 | _tWiley-Blackwell Online Books | |
| 856 | 4 | 0 |
_uhttp://www.columbia.edu/cgi-bin/cul/resolve?clio9393286 _zFull text available from Wiley-Blackwell Online Books |
| 910 | _aLibrary of Congress record | ||
| 942 |
_2ddc _cBK |
||
| 999 |
_c355867 _d355867 |
||